Minecraft YouTubers - Statistics

General Stats
  • This quiz has been taken 3,315 times
  • The average score is 11 of 31
Answer Stats
Hint Answer % Correct
The one famous for his manhunt series Dream
95%
The potato farming pig Technoblade
91%
The colorblind hunter GeorgeNotFound
84%
The happy diamond block Skeppy
67%
The adorable muffin BadBoyHalo
65%
The texan hunter Sapnap
63%
JUST KILLED A WOMAN... TommyInnit
52%
The Diamond Minecart DanTDM
48%
The moustached redstone master Mumbo Jumbo
48%
The coding furry Fundy
47%
The big Q Quackity
44%
The guy who survived 5 years in hardcore Ph1lza
42%
Creeper? Aww man... CaptainSparklez
39%
The guy known for his building skills Grian
36%
"I'm in love with an E-Girl" WilburSoot
34%
L'manberg's president Tubbo
33%
:L TapL
28%
The organiser of MCC Smajor1995
24%
Got banned from the Dream SMP Jschlatt
20%
"It was never meant to be" Eret
17%
The mayor of Hermitcaft GoodTimeWithScar
15%
Canadian speedruner Illumina
13%
The furry's annoying maid Hbomb94
11%
The best MCC player PeteZahHutt
10%
"Minecraft UHC, but..." Wisp
9%
The guy who makes traps in UHC fruitberries
8%
The blue cyclops Krinios
7%
The australian guy who beat Nightmare Mode WadZee
7%
The guy with a 550 part lets play EthosLab
6%
"So I broke Minecraft..." AntVenom
2%
"Welcome to.. the Minecraft Guide!" wattles
2%
No matching quizzes found
Score Distribution
Percent of People with Each Score
Percentile by Number Answered
Your Score History
You have not taken this quiz